[Event "Madrid-ch Previa-A"]
[Site "Madrid"]
[Date "2025.02.11"]
[Round "5.5"]
[White "Arevillca Colque, Jonatan"]
[Black "Alvarez Abejon, Amilcar"]
[Result "0-1"]
[WhiteElo "1957"]
[BlackElo "1912"]
[PlyCount "94"]
[GameId "2148057267171413"]
[EventDate "2025.02.03"]
[EventType "swiss"]
[EventRounds "9"]
[EventCountry "ESP"]

1. e4 Nf6 2. e5 Nd5 3. c4 Nb6 4. d4 d6 5. f4 g6 6. Nc3 Bg7 7. Be3 Be6 8. d5 Bc8 9. Nf3 O-O 10. h3 c6 11. Bd3 cxd5 12. Bxb6 axb6 13. cxd5 dxe5 14. fxe5 Nd7 15. Qe2 Qc7 16. Nb5 Qb8 17. d6 exd6 18. exd6 Nc5 19. O-O Nxd3 20. Qxd3 Bf5 21. Qd2 Rd8 22. g4 Be6 23. Ng5 Bc4 24. Qf4 Bxb5 25. Qxf7+ Kh8 26. Qd5 Be8 27. Rae1 Rd7 28. Qe6 Bd4+ 29. Kg2 Qxd6 30. Qxd6 Rxd6 31. Rxe8+ Rxe8 32. Nf7+ Kg8 33. Nxd6 Re2+ 34. Kf3 Rxb2 35. Ke4 Bc5 36. Nxb7 Rxa2 37. Nxc5 bxc5 38. Rf3 Ra8 39. Rc3 Rc8 40. g5 c4 41. h4 Kf7 42. Kd5 Ke7 43. Re3+ Kd7 44. Rc3 Rc7 45. Ke5 Rc5+ 46. Kf6 Kd6 47. Kg7 Rc7+ 0-1

[Event "Madrid-ch Previa-A"]
[Site "Madrid"]
[Date "2025.02.11"]
[Round "5.6"]
[White "Martin Rodriguez, Emilio"]
[Black "Pinan Gaviria, Jose"]
[Result "1-0"]
[WhiteElo "1939"]
[BlackElo "1803"]
[PlyCount "109"]
[GameId "2148058173075598"]
[EventDate "2025.02.03"]
[EventType "swiss"]
[EventRounds "9"]
[EventCountry "ESP"]

1. d4 Nf6 2. Nf3 g6 3. c3 Bg7 4. Bg5 h6 5. Bh4 d6 6. Nbd2 Bf5 7. e3 g5 8. Bg3 Nh5 9. Bc4 Nxg3 10. fxg3 d5 11. Be2 c6 12. O-O Bg6 13. Nb3 Nd7 14. c4 O-O 15. Bd3 dxc4 16. Bxc4 e5 17. g4 Nb6 18. Rc1 Nxc4 19. Rxc4 Qb6 20. Rc5 exd4 21. exd4 Rad8 22. Ne5 Be4 23. Qd2 Bd5 24. Qc3 Bxe5 25. dxe5 Bxb3 26. axb3 Rd5 27. Rc1 Rxc5 28. Qxc5 Qxb3 29. Qxa7 Qxb2 30. Qe3 Re8 31. Re1 b5 32. h4 gxh4 33. g5 Re6 34. gxh6 Rg6 35. Re2 Qb1+ 36. Re1 Qa2 37. Re2 Qe6 38. Rd2 Qg4 39. e6 Rxe6 40. Rd8+ Kh7 41. Qd3+ Rg6 42. Qf1 Kxh6 43. Rd2 Rg7 44. Qf6+ Kh7 45. Qxc6 h3 46. Qxb5 hxg2 47. Qd3+ Rg6 48. Qd5 Qf4 49. Rxg2 Rxg2+ 50. Kxg2 Qg4+ 51. Kf2 Kg6 52. Qa8 f5 53. Qe8+ Kg5 54. Qe7+ Kf4 55. Qe3# 1-0

[Event "Madrid-ch Previa-A"]
[Site "Madrid"]
[Date "2025.02.11"]
[Round "5.7"]
[White "Bocancea, Cristian Andrei"]
[Black "Lozano Argueso, Cesar"]
[Result "1/2-1/2"]
[WhiteElo "1905"]
[BlackElo "1935"]
[PlyCount "78"]
[GameId "2148061000315040"]
[EventDate "2025.02.03"]
[EventType "swiss"]
[EventRounds "9"]
[EventCountry "ESP"]

1. c4 Nf6 2. g3 g6 3. Bg2 Bg7 4. Nf3 O-O 5. O-O d6 6. Nc3 c6 7. Qc2 e5 8. d4 exd4 9. Nxd4 Re8 10. Rd1 Nbd7 11. e4 Qc7 12. h3 Nc5 13. b4 Ne6 14. Nb3 Nd7 15. Bb2 a5 16. bxa5 Ndc5 17. Rd2 Nxb3 18. axb3 Rxa5 19. Rad1 h5 20. Rxd6 h4 21. g4 Be5 22. R6d2 Bf4 23. Rd3 Nc5 24. Rd4 Ne6 25. R4d3 Nc5 26. Rd4 Be5 27. R4d2 Qb6 28. Na4 Nxa4 29. Bxe5 Raxe5 30. bxa4 Qa5 31. Qb3 Rc5 32. Rd6 Be6 33. Qxb7 Rxc4 34. Rxc6 Qxa4 35. Rcd6 Qa5 36. Qa6 Qc7 37. Qb6 Qxb6 38. Rxb6 Kg7 39. Rbd6 g5 1/2-1/2

[Event "Madrid-ch Previa-A"]
[Site "Madrid"]
[Date "2025.02.11"]
[Round "5.8"]
[White "Rodriguez Garcia, Jose Maria"]
[Black "Moreno Torrero, Javier"]
[Result "1/2-1/2"]
[WhiteElo "1935"]
[BlackElo "1900"]
[PlyCount "38"]
[GameId "2148063097360559"]
[EventDate "2025.02.03"]
[EventType "swiss"]
[EventRounds "9"]
[EventCountry "ESP"]

1. Nf3 d5 2. d4 e6 3. e3 c5 4. c3 Nf6 5. Bd3 Nc6 6. Nbd2 Bd6 7. O-O O-O 8. dxc5 Bxc5 9. e4 dxe4 10. Nxe4 Nxe4 11. Bxe4 Qxd1 12. Rxd1 h6 13. h4 f6 14. b4 Be7 15. h5 e5 16. Bd5+ Kh7 17. Be4+ Kg8 18. Bd5+ Kh7 19. Be4+ Kg8 1/2-1/2

[Event "Madrid-ch Previa-A"]
[Site "Madrid"]
[Date "2025.02.11"]
[Round "5.10"]
[White "Marquez Misel, Michael Angel"]
[Black "Gal, Eugen"]
[Result "0-1"]
[WhiteElo "1879"]
[BlackElo "1971"]
[PlyCount "110"]
[GameId "2149297455898833"]
[EventDate "2025.02.03"]
[EventType "swiss"]
[EventRounds "9"]
[EventCountry "ESP"]

1. d4 Nf6 2. Bf4 d6 3. e3 Nbd7 4. Nf3 c6 5. c4 e5 6. Bg3 e4 7. Nfd2 d5 8. Nc3 a6 9. a3 Be7 10. b4 Nf8 11. Rc1 Be6 12. c5 Ng6 13. Be2 h5 14. h3 h4 15. Bh2 Nd7 16. O-O f5 17. a4 Bg5 18. b5 axb5 19. axb5 O-O 20. Ra1 f4 21. Rxa8 Qxa8 22. Bh5 Kh7 23. Bxg6+ Kxg6 24. Re1 fxe3 25. fxe3 Nf6 26. Qb3 Qc8 27. Ne2 Bxh3 28. gxh3 Qxh3 29. Nf4+ Bxf4 30. exf4 Qg4+ 31. Kh1 Kf5 32. Rg1 Qe2 33. Rg5+ Ke6 34. Qh3+ Kf7 35. Qg2 Qxg2+ 36. Kxg2 cxb5 37. Kh3 Ra8 38. Kxh4 e3 39. Nf3 Rh8+ 40. Kg3 Ne4+ 41. Kg2 Nxg5 42. fxg5 b4 43. Ne5+ Ke6 44. Bf4 e2 45. Kf2 Rh4 46. Nd3 Kf5 47. Be5 Re4 48. Bxg7 b3 49. Ke1 Kxg5 50. Be5 Kg4 51. Nf2+ Kf3 52. Nd3 Ke3 53. Nb4 b2 54. Nc2+ Kd3 55. Na3 Rh4 0-1

[Event "Madrid-ch Previa-A"]
[Site "Madrid"]
[Date "2025.02.11"]
[Round "5.11"]
[White "Balsera Gomez, Antonio"]
[Black "Pastor Alonso De Prado, Alberto"]
[Result "0-1"]
[WhiteElo "1873"]
[BlackElo "1963"]
[PlyCount "120"]
[GameId "2149301143531757"]
[EventDate "2025.02.03"]
[EventType "swiss"]
[EventRounds "9"]
[EventCountry "ESP"]

1. e4 e5 2. Nf3 Nc6 3. Nc3 d6 4. Bb5 Bd7 5. d4 exd4 6. Nxd4 Nf6 7. Bxc6 bxc6 8. Qf3 c5 9. Nf5 Bxf5 10. exf5 Be7 11. Qc6+ Nd7 12. O-O O-O 13. Nd5 Nb6 14. Nxe7+ Qxe7 15. Qf3 Rfe8 16. Qg3 Qf6 17. Qf3 a5 18. Rb1 Re5 19. g4 Rae8 20. Bf4 Re4 21. Bd2 Qd4 22. Bc3 Rxg4+ 23. Kh1 Qd5 24. Qxd5 Nxd5 25. Bxa5 Ra4 26. Bd2 Rxa2 27. c4 Nb6 28. Bc3 f6 29. b4 cxb4 30. Bxb4 Nxc4 31. Rbc1 d5 32. Rfd1 c6 33. Bc5 Rd2 34. Re1 Rde2 35. Rxe2 Rxe2 36. Ra1 Re8 37. Ra6 Rc8 38. Kg2 Nd2 39. Bb4 Nb3 40. Ra3 Nd4 41. Bc5 Nxf5 42. Kf3 Re8 43. Kf4 Ne7 44. Ra7 Ng6+ 45. Kg3 Rc8 46. Rd7 Ne5 47. Rd6 Kf7 48. f4 Nd3 49. Rd7+ Ke6 50. Rd6+ Kf5 51. Be3 h6 52. h4 h5 53. Kf3 Rc7 54. Bb6 Re7 55. Be3 Re6 56. Rd7 Re4 57. Rxg7 Ne1+ 58. Kf2 Nc2 59. Bd2 Nd4 60. Rh7 Re2+ 0-1

[Event "Madrid-ch Previa-A"]
[Site "Madrid"]
[Date "2025.02.11"]
[Round "5.12"]
[White "Urosa Sanchez, Pablo"]
[Black "Sanchez Rodriguez, Jaime"]
[Result "0-1"]
[WhiteElo "1829"]
[BlackElo "1952"]
[PlyCount "90"]
[GameId "2149303663247612"]
[EventDate "2025.02.03"]
[EventType "swiss"]
[EventRounds "9"]
[EventCountry "ESP"]

1. e4 d6 2. d4 Nf6 3. f3 e5 4. dxe5 dxe5 5. Qxd8+ Kxd8 6. Be3 Be6 7. Nd2 Nbd7 8. O-O-O c6 9. Bc4 Bxc4 10. Nxc4 Kc7 11. Nh3 h6 12. Rd3 b5 13. Nd2 a5 14. Nb1 Nc5 15. Rd2 Ne6 16. Rhd1 Be7 17. Nf2 Rhd8 18. Rxd8 Rxd8 19. Nd3 Nd7 20. Nd2 a4 21. a3 Nec5 22. Bxc5 Bxc5 23. Nxc5 Nxc5 24. Nf1 Rxd1+ 25. Kxd1 Ne6 26. Ne3 h5 27. Kd2 Kb6 28. Nf5 Kc5 29. c3 f6 30. g3 Kc4 31. Kc2 Kc5 32. Kd2 Ng5 33. Ke3 g6 34. Ne7 Ne6 35. Nxg6 Kc4 36. f4 Kb3 37. fxe5 Kxb2 38. exf6 Kxa3 39. Ne7 c5 40. Nd5 Kb3 41. Kd2 Kb2 42. f7 a3 43. Nc7 Nf8 44. Nxb5 a2 45. c4 a1=Q 0-1

[Event "Madrid-ch Previa-A"]
[Site "Madrid"]
[Date "2025.02.11"]
[Round "5.13"]
[White "Lopez Heras, Arturo"]
[Black "Garcia Galeote, Lorenzo"]
[Result "1/2-1/2"]
[WhiteElo "1828"]
[BlackElo "1944"]
[PlyCount "22"]
[GameId "2149305707802891"]
[EventDate "2025.02.03"]
[EventType "swiss"]
[EventRounds "9"]
[EventCountry "ESP"]

1. e4 b6 2. d4 Bb7 3. Nc3 e6 4. a3 d6 5. Nf3 Nd7 6. Bc4 g6 7. O-O Bg7 8. Bg5 Ne7 9. d5 e5 10. Nb5 a6 11. Nc3 h6 1/2-1/2

[Event "Madrid-ch Previa-A"]
[Site "Madrid"]
[Date "2025.02.11"]
[Round "5.14"]
[White "Rubio Rivera, Felix"]
[Black "Albert Aparicio, Ismael"]
[Result "0-1"]
[WhiteElo "1727"]
[BlackElo "1886"]
[PlyCount "70"]
[GameId "2149305957470490"]
[EventDate "2025.02.03"]
[EventType "swiss"]
[EventRounds "9"]
[EventCountry "ESP"]

1. e4 e5 2. Nf3 Nc6 3. Bc4 Nf6 4. d3 Bc5 5. O-O d6 6. c3 a6 7. a4 a5 8. Re1 O-O 9. h3 Be6 10. Bxe6 fxe6 11. Nbd2 Nh5 12. Nf1 Qe7 13. Be3 Bxe3 14. Rxe3 Nf4 15. Ng3 Rf6 16. Nh2 Raf8 17. Ng4 Rg6 18. Nh2 h5 19. Qb3 Kh8 20. Qxb7 Nd8 21. Qa7 h4 22. Ng4 hxg3 23. fxg3 Nh5 24. Qxa5 Nf6 25. Nf2 d5 26. Rae1 Nc6 27. Qb5 d4 28. Rf3 Qd6 29. Rf1 Rb8 30. Qa6 Rxb2 31. Ng4 dxc3 32. Nxf6 Rxf6 33. Rxf6 gxf6 34. Qc8+ Nd8 35. g4 Kg7 0-1

[Event "Madrid-ch Previa-A"]
[Site "Madrid"]
[Date "2025.02.11"]
[Round "5.15"]
[White "Camarero Izquierdo, Juan Carlos"]
[Black "Melgar Morraja, Mateo"]
[Result "0-1"]
[WhiteElo "1936"]
[BlackElo "1812"]
[PlyCount "168"]
[GameId "2149311179239727"]
[EventDate "2025.02.03"]
[EventType "swiss"]
[EventRounds "9"]
[EventCountry "ESP"]

1. d4 d5 2. Nc3 e6 3. e4 Bb4 4. e5 c5 5. a3 Bxc3+ 6. bxc3 Qa5 7. Bd2 Qa4 8. Qg4 Kf8 9. c4 Nc6 10. c3 cxd4 11. cxd4 dxc4 12. Nf3 Nge7 13. Be2 b5 14. O-O Nd5 15. Bd1 Qa6 16. Ng5 b4 17. Qh5 Nd8 18. Bf3 b3 19. Bb4+ Kg8 20. Be4 h6 21. Nh3 Bb7 22. Bxd5 Bxd5 23. Nf4 Qb7 24. Qg4 Kh7 25. Nh5 Rg8 26. f4 Be4 27. Bd2 b2 28. Rab1 Bxb1 29. Rxb1 Qe4 30. Qd1 Qxd4+ 31. Kh1 Qd3 32. Rxb2 c3 33. Rc2 cxd2 34. Rxd2 Qf5 35. h3 Rb8 36. Qf3 Qb1+ 37. Kh2 Rb3 38. Qg4 Qf5 39. Qd1 Nc6 40. Qxb3 Qxh5 41. Qc2+ Qf5 42. Qa4 Ne7 43. g4 Qb1 44. Qxa7 Qc1 45. Rf2 Qe1 46. Kg3 Ng6 47. Qd4 Rc8 48. f5 Rc3+ 49. Kh2 Qxe5+ 50. Qxe5 Nxe5 51. fxe6 fxe6 52. Ra2 Nc6 53. a4 Na5 54. Re2 Rc6 55. Re5 Nc4 56. Rb5 Ra6 57. Rb4 Na5 58. Kg3 Kg6 59. Kf4 Nc6 60. Rc4 Kf6 61. h4 Ne7 62. Ke4 Nd5 63. Kd3 Ke5 64. h5 Nb6 65. Rc7 Kf6 66. Rc6 Rxa4 67. Rxb6 Rxg4 68. Rb2 Kg5 69. Rb5+ Kh4 70. Re5 Rg5 71. Rxe6 Kxh5 72. Ke3 Rf5 73. Rd6 g5 74. Rd1 g4 75. Ke4 Kg5 76. Rd8 Rf7 77. Rd5+ Kh4 78. Rd1 h5 79. Rh1+ Kg5 80. Rd1 g3 81. Rd5+ Kg4 82. Rd8 Re7+ 83. Kd3 Kh3 84. Kc2 g2 0-1

[Event "Madrid-ch Previa-A"]
[Site "Madrid"]
[Date "2025.02.11"]
[Round "5.16"]
[White "Ruiz Bellon, Manuel"]
[Black "De Dompablo Fantova, Juan"]
[Result "1-0"]
[WhiteElo "1965"]
[BlackElo "1782"]
[PlyCount "81"]
[GameId "2149361256067695"]
[EventDate "2025.02.03"]
[EventType "swiss"]
[EventRounds "9"]
[EventCountry "ESP"]

1. g3 d5 2. Bg2 Nf6 3. Nf3 Bf5 4. d4 c5 5. c4 dxc4 6. Qa4+ Nc6 7. Nc3 cxd4 8. Nxd4 Bd7 9. Nxc6 bxc6 10. O-O Qc7 11. Qxc4 Rc8 12. Rd1 e6 13. Bf4 Qb6 14. e4 Be7 15. Be3 Qa5 16. h3 O-O 17. a3 Rfd8 18. b4 Qc7 19. Rac1 Qb7 20. Na4 Qb5 21. Nc5 Be8 22. Qc2 a5 23. Bf1 Qb8 24. bxa5 Rxd1 25. Rxd1 Rd8 26. Rb1 Qe5 27. f4 Qc7 28. Rb7 Qxa5 29. Rxe7 Qxa3 30. Bf2 Qb4 31. Rb7 Qa5 32. Rb2 Qa3 33. Rb3 Qa1 34. Qb1 Ra8 35. Qxa1 Rxa1 36. Rc3 g6 37. Bd4 Nd7 38. Nxd7 Bxd7 39. Bf6 Ra8 40. Rd3 Be8 41. Rd8 1-0

[Event "Madrid-ch Previa-A"]
[Site "Madrid"]
[Date "2025.02.11"]
[Round "5.17"]
[White "Fernandez Garcia, Ignacio"]
[Black "Barahona Torrijos, Angel"]
[Result "1-0"]
[WhiteElo "1790"]
[BlackElo "1828"]
[PlyCount "49"]
[GameId "2149362224783998"]
[EventDate "2025.02.03"]
[EventType "swiss"]
[EventRounds "9"]
[EventCountry "ESP"]

1. d4 Nf6 2. Nf3 c5 3. d5 b5 4. e4 Nxe4 5. Bd3 Nf6 6. Bxb5 Qa5+ 7. Nc3 Ne4 8. Qd3 Nxc3 9. bxc3 Ba6 10. Bxa6 Nxa6 11. Bd2 g6 12. O-O Bg7 13. Rfe1 e6 14. Ne5 Rd8 15. Nc4 Qa4 16. Nd6+ Ke7 17. Nb7 c4 18. Qf3 Rb8 19. Rab1 Qxc2 20. dxe6 dxe6 21. Bf4 Qxc3 22. Bd6+ Kd7 23. Qxf7+ Kc6 24. Bxb8 Rxb8 25. Rxe6+ 1-0

[Event "Madrid-ch Previa-A"]
[Site "Madrid"]
[Date "2025.02.11"]
[Round "5.18"]
[White "Guardiola Sevilla, Antonio"]
[Black "Hernandez Gutierrez, Jose"]
[Result "1/2-1/2"]
[WhiteElo "1777"]
[BlackElo "1825"]
[PlyCount "47"]
[GameId "2149362877829773"]
[EventDate "2025.02.03"]
[EventType "swiss"]
[EventRounds "9"]
[EventCountry "ESP"]

1. e4 e5 2. Nf3 Nc6 3. Bb5 Nf6 4. O-O Nxe4 5. Re1 Nd6 6. Nxe5 Nxe5 7. Rxe5+ Be7 8. Ba4 O-O 9. c3 Bf6 10. Re1 Re8 11. d4 c6 12. Bf4 Nc4 13. Bc1 d5 14. Nd2 Nxd2 15. Bxd2 Bf5 16. Be3 Qd6 17. Bc2 Bxc2 18. Qxc2 Re7 19. Re2 Rae8 20. Rae1 Qd7 21. Kf1 Qd6 22. g3 Qd7 23. Kg2 Re6 24. Bf4 1/2-1/2

[Event "Madrid-ch Previa-A"]
[Site "Madrid"]
[Date "2025.02.11"]
[Round "5.19"]
[White "Hetz, Robert"]
[Black "Castro Miranda, Juan Raul"]
[Result "0-1"]
[WhiteElo "1825"]
[BlackElo "1776"]
[PlyCount "76"]
[GameId "2149442410037360"]
[EventDate "2025.02.03"]
[EventType "swiss"]
[EventRounds "9"]
[EventCountry "ESP"]

1. d4 Nf6 2. c4 e6 3. Nc3 Bb4 4. Qc2 O-O 5. e4 Bxc3+ 6. bxc3 d6 7. Nf3 Nc6 8. e5 Ne8 9. Bd3 f5 10. exf6 Nxf6 11. O-O e5 12. Ng5 h6 13. d5 hxg5 14. dxc6 bxc6 15. Bxg5 d5 16. Bh7+ Kh8 17. Bg6 Qd6 18. f4 Qc5+ 19. Qf2 Qxf2+ 20. Rxf2 e4 21. f5 Ba6 22. Rf4 Bxc4 23. Rh4+ Kg8 24. g4 Rae8 25. Bxe8 Nxe8 26. Be3 a5 27. a3 Nd6 28. Kf2 Rb8 29. Kg3 Rb3 30. Bd4 Nb5 31. Kf4 Nxd4 32. cxd4 e3 33. Re1 e2 34. g5 Rd3 35. Ke5 Rd1 36. f6 gxf6+ 37. gxf6 Rxe1 38. Rg4+ Kf8 0-1

[Event "Madrid-ch Previa-A"]
[Site "Madrid"]
[Date "2025.02.11"]
[Round "5.20"]
[White "Garcia Gonzalez, Pedro A"]
[Black "Cujba, Anca Claudia"]
[Result "1/2-1/2"]
[WhiteElo "1816"]
[BlackElo "1747"]
[PlyCount "79"]
[GameId "2149641173336224"]
[EventDate "2025.02.03"]
[EventType "swiss"]
[EventRounds "9"]
[EventCountry "ESP"]

1. Nf3 Nf6 2. d4 e6 3. e3 c5 4. Bd3 b6 5. Nbd2 Bb7 6. b3 Nc6 7. Bb2 cxd4 8. exd4 Nb4 9. Be2 Rc8 10. c4 d5 11. a3 Nc6 12. Bd3 g6 13. O-O Bg7 14. Re1 O-O 15. Bf1 Na5 16. Rc1 Re8 17. Ne5 Bh6 18. g3 Bxd2 19. Qxd2 Nxb3 20. Qf4 Nxc1 21. Rxc1 dxc4 22. h4 Qe7 23. Bxc4 Nd5 24. Qh6 a6 25. Re1 f6 26. Nxg6 hxg6 27. Qxg6+ Qg7 28. Qd3 Kf7 29. Bb3 Rh8 30. Re4 f5 31. Re5 Rxh4 32. Rxf5+ exf5 33. Qxf5+ Qf6 34. Bxd5+ Bxd5 35. Qxd5+ Kg6 36. gxh4 Rc2 37. Qe4+ Qf5 38. Qe8+ Qf7 39. Qe4+ Qf5 40. Qe8+ 1/2-1/2

[Event "Madrid-ch Previa-A"]
[Site "Madrid"]
[Date "2025.02.11"]
[Round "5.21"]
[White "Vukotic Jovsic, Dragan"]
[Black "Olmos Sanz, Francisco J"]
[Result "0-1"]
[WhiteElo "1812"]
[BlackElo "1717"]
[PlyCount "60"]
[GameId "2149642759946417"]
[EventDate "2025.02.03"]
[EventType "swiss"]
[EventRounds "9"]
[EventCountry "ESP"]

1. d4 f5 2. e4 fxe4 3. Nc3 Nf6 4. Bg5 g6 5. Bc4 Bg7 6. Qe2 Nc6 7. O-O-O d6 8. Nxe4 Nxe4 9. Qxe4 Bf5 10. Qd5 Rf8 11. Nf3 h6 12. Bh4 Qd7 13. Rhe1 O-O-O 14. Bb5 g5 15. Bxc6 bxc6 16. Qa5 Be6 17. Qa6+ Kb8 18. Re3 Qc8 19. Qxc6 Qb7 20. Qxb7+ Kxb7 21. Rxe6 gxh4 22. Rxe7 Bf6 23. Re6 Kc6 24. c4 Kd7 25. Rde1 Rb8 26. b3 Rf7 27. R1e2 Rbf8 28. h3 Rg7 29. Ne1 Be5 30. Rxh6 Bf4+ 0-1

[Event "Madrid-ch Previa-A"]
[Site "Madrid"]
[Date "2025.02.11"]
[Round "5.22"]
[White "Jimenez Jimenez, Darfo"]
[Black "Iribarren Galarza, Aritz"]
[Result "1-0"]
[WhiteElo "1710"]
[BlackElo "1810"]
[PlyCount "71"]
[GameId "2149643664867531"]
[EventDate "2025.02.03"]
[EventType "swiss"]
[EventRounds "9"]
[EventCountry "ESP"]

1. e4 d5 2. exd5 Qxd5 3. Nc3 Qa5 4. Bc4 Nf6 5. d3 Bg4 6. f3 Bd7 7. Bd2 Qe5+ 8. Nge2 e6 9. Bf4 Qc5 10. Qd2 Qb6 11. Be3 Bc5 12. d4 Bb4 13. a3 Qa5 14. O-O Bd6 15. b4 Qh5 16. Nf4 Bxf4 17. Bxf4 c6 18. g4 Qh3 19. Rf2 h6 20. Bg3 Nxg4 21. fxg4 Qxg4 22. Rg2 Qh5 23. Be5 f6 24. Bd6 b5 25. Bd3 g5 26. Re1 Qf7 27. Rge2 Na6 28. Bf5 O-O-O 29. Bxe6 Qg7 30. Bxd7+ Qxd7 31. Be7 Qg4+ 32. Rg2 Rxd4 33. Bxf6 Rxd2 34. Rxg4 Rf8 35. Bd4 Rxc2 36. Rg2 1-0

[Event "Madrid-ch Previa-A"]
[Site "Madrid"]
[Date "2025.02.11"]
[Round "5.23"]
[White "Martin Consuegra, Barrilero Javier"]
[Black "Calle Trueba, Jose Antonio"]
[Result "1-0"]
[WhiteElo "1798"]
[BlackElo "1590"]
[PlyCount "67"]
[GameId "2149645404225764"]
[EventDate "2025.02.03"]
[EventType "swiss"]
[EventRounds "9"]
[EventCountry "ESP"]

1. d4 d5 2. Nf3 Bg4 3. Ne5 Nf6 4. Nxg4 Nxg4 5. e3 Qc8 6. h3 Nf6 7. c4 e6 8. Nc3 Be7 9. Qb3 c6 10. Bd2 O-O 11. Rc1 dxc4 12. Bxc4 Nbd7 13. O-O Nb6 14. Be2 Qd7 15. Rfd1 Nbd5 16. Bf3 Nxc3 17. bxc3 Qc7 18. c4 Qb6 19. Qc2 Rab8 20. Rb1 Qc7 21. e4 e5 22. dxe5 Qxe5 23. Bc3 Qg5 24. e5 Nh5 25. Rd7 Bc5 26. Bxh5 Qxh5 27. Rbxb7 Rxb7 28. Rxb7 Rd8 29. Rb1 Qg5 30. Qe2 Qg6 31. Re1 Re8 32. Kh1 Qe6 33. f4 f6 34. Qd3 1-0

[Event "Madrid-ch Previa-A"]
[Site "Madrid"]
[Date "2025.02.11"]
[Round "5.24"]
[White "Gonzalez Bolado, David"]
[Black "Perez Hernandez, Alfonso"]
[Result "1/2-1/2"]
[WhiteElo "1583"]
[BlackElo "1794"]
[PlyCount "78"]
[GameId "2149647038079285"]
[EventDate "2025.02.03"]
[EventType "swiss"]
[EventRounds "9"]
[EventCountry "ESP"]

1. e4 c5 2. c3 d5 3. exd5 Qxd5 4. Nf3 Nc6 5. d4 cxd4 6. Nxd4 Bd7 7. Qb3 Qxb3 8. Nxb3 e5 9. Be3 b6 10. N1d2 Nf6 11. Bd3 Nd5 12. Nf1 Rd8 13. Be4 Nf6 14. Bf3 Be7 15. h3 O-O 16. Ng3 Rfe8 17. O-O e4 18. Nxe4 Ne5 19. Nxf6+ Bxf6 20. Be2 Be6 21. Nd4 Bc4 22. Bxc4 Nxc4 23. Nc6 Rd3 24. Bd4 Bxd4 25. Nxd4 Nxb2 26. Nb5 h6 27. Nxa7 Rxc3 28. Rab1 Rc2 29. Rfc1 Ree2 30. Rxc2 Rxc2 31. Nb5 Nd3 32. Nd4 Rxa2 33. Rxb6 Ra1+ 34. Kh2 Nxf2 35. Rb2 Ne4 36. Re2 Nf6 37. Nf5 Ra8 38. Rf2 Ra7 39. Nxh6+ Kh7 1/2-1/2

[Event "Madrid-ch Previa-A"]
[Site "Madrid"]
[Date "2025.02.11"]
[Round "5.26"]
[White "Aldea Moreno, Marina"]
[Black "Moreno Sabroso, Ruben"]
[Result "1-0"]
[WhiteElo "1823"]
[BlackElo "1653"]
[PlyCount "91"]
[GameId "2149648764215635"]
[EventDate "2025.02.03"]
[EventType "swiss"]
[EventRounds "9"]
[EventCountry "ESP"]

1. d4 d5 2. Nf3 Nf6 3. Bf4 e6 4. e3 c5 5. c3 Nbd7 6. Bd3 Be7 7. h3 c4 8. Bc2 b5 9. Nbd2 Bb7 10. Ne5 a5 11. Qe2 O-O 12. O-O Nb6 13. e4 dxe4 14. Nxe4 Nxe4 15. Bxe4 Bxe4 16. Qxe4 Qd5 17. Qe2 Nd7 18. Ng4 Nf6 19. Ne3 Qe4 20. Bg5 h6 21. Bxf6 Bxf6 22. Qh5 Bg5 23. Rae1 Qc6 24. f4 g6 25. Qg4 Bd8 26. Qe2 Bh4 27. Rd1 Qe4 28. Rf3 Rab8 29. Qf1 Qc6 30. Ng4 Kh7 31. Qe2 Qd5 32. Re3 Bd8 33. Re5 Qc6 34. Rc5 Qd6 35. Qf3 Kg7 36. Re1 Bc7 37. Ne5 f6 38. Rc6 Qd5 39. Rxc7+ Kg8 40. Qxd5 exd5 41. Nxg6 Rfe8 42. Kf2 b4 43. Rxe8+ Rxe8 44. Ne7+ Rxe7 45. Rxe7 bxc3 46. bxc3 1-0

[Event "Madrid-ch Previa-A"]
[Site "Madrid"]
[Date "2025.02.11"]
[Round "5.27"]
[White "Martin Buitrago Lopez, Antonio"]
[Black "Munoz Rodriguez, Blas"]
[Result "1-0"]
[WhiteElo "1800"]
[BlackElo "1683"]
[PlyCount "107"]
[GameId "2149657263173991"]
[EventDate "2025.02.03"]
[EventType "swiss"]
[EventRounds "9"]
[EventCountry "ESP"]

1. e4 c6 2. d4 d5 3. exd5 cxd5 4. Bd3 Nc6 5. c3 Qc7 6. Qb3 e6 7. Nf3 Bd6 8. Bg5 Nge7 9. Qc2 Ng6 10. Na3 a6 11. Qa4 Qa5 12. Qxa5 Nxa5 13. b4 Nc6 14. Nc2 Nf4 15. Bxf4 Bxf4 16. g3 Bd6 17. Ne3 f6 18. Kd2 b5 19. a4 bxa4 20. Rxa4 Bb7 21. Rha1 Nb8 22. b5 Nd7 23. bxa6 Bc6 24. R4a2 O-O 25. Rb1 e5 26. Bf5 Rfe8 27. h4 Re7 28. Bxd7 Rxd7 29. Rb6 Rc7 30. Ne1 Kf7 31. N1c2 Ke6 32. Nb4 exd4 33. cxd4 Bxb4+ 34. Rxb4 Rca7 35. Rb6 Kd7 36. Rc2 Ba4 37. Rc5 Rxa6 38. Rb7+ Kd6 39. Rxg7 Bc6 40. Ke2 Re8 41. Kf3 Ra3 42. Kf4 Re4+ 43. Kf5 Bd7+ 44. Rxd7+ Kxd7 45. Rxd5+ Kc6 46. Kxe4 Ra2 47. Rc5+ Kd6 48. Nf5+ Kd7 49. Rd5+ Ke8 50. f3 Re2+ 51. Kf4 Kf7 52. h5 Ke8 53. Rd6 Rd2 54. Rxf6 1-0

[Event "Madrid-ch Previa-A"]
[Site "Madrid"]
[Date "2025.02.11"]
[Round "5.28"]
[White "Huerta Navarro, Eusebio"]
[Black "Diaz Del Prado, Carlos"]
[Result "1/2-1/2"]
[WhiteElo "1772"]
[BlackElo "1597"]
[PlyCount "44"]
[GameId "2149658671546741"]
[EventDate "2025.02.03"]
[EventType "swiss"]
[EventRounds "9"]
[EventCountry "ESP"]

1. e4 e5 2. Nf3 Nf6 3. d4 Nxe4 4. dxe5 d5 5. Bd3 Be7 6. Bxe4 dxe4 7. Qxd8+ Bxd8 8. Nfd2 Bf5 9. Nc4 Nc6 10. Be3 O-O 11. Nc3 Re8 12. Bf4 Nd4 13. O-O-O Ne6 14. g3 Bg5 15. Ne2 Rad8 16. h4 Bg4 17. Rxd8 Bxd8 18. Nc3 Bf3 19. Re1 Nxf4 20. gxf4 Bxh4 21. Nxe4 Bxe4 22. Rxe4 Bxf2 1/2-1/2

[Event "Madrid-ch Previa-A"]
[Site "Madrid"]
[Date "2025.02.11"]
[Round "5.29"]
[White "Ortega Molina, Tomas"]
[Black "Lopez Manso, Jeronimo"]
[Result "1-0"]
[WhiteElo "1736"]
[BlackElo "1528"]
[PlyCount "49"]
[GameId "2149662885810563"]
[EventDate "2025.02.03"]
[EventType "swiss"]
[EventRounds "9"]
[EventCountry "ESP"]

1. d4 c5 2. d5 e6 3. e4 Nf6 4. Bg5 h6 5. Bxf6 Qxf6 6. Nc3 a6 7. Nf3 b5 8. e5 Qg6 9. g3 Bb7 10. Nh4 Qg5 11. f4 Qd8 12. Bg2 g5 13. d6 Nc6 14. Nf3 Nd4 15. O-O Nf5 16. Qe1 gxf4 17. Nh4 Bxg2 18. Nxg2 fxg3 19. hxg3 f6 20. exf6 Qxf6 21. Ne4 Qd4+ 22. Kh2 O-O-O 23. Rd1 Qa4 24. Nxc5 Qxa2 25. Qe4 1-0

[Event "Madrid-ch Previa-A"]
[Site "Madrid"]
[Date "2025.02.11"]
[Round "5.30"]
[White "Fernandez Rios, Jose Francisco"]
[Black "Vasquez Escobar, Andres Eloy"]
[Result "1/2-1/2"]
[WhiteElo "1720"]
[BlackElo "1579"]
[PlyCount "76"]
[GameId "2149674898997649"]
[EventDate "2025.02.03"]
[EventType "swiss"]
[EventRounds "9"]
[EventCountry "ESP"]

1. d4 c5 2. d5 e5 3. c4 d6 4. e4 Nf6 5. Nc3 Be7 6. h3 O-O 7. Nf3 Na6 8. Be2 Bd7 9. O-O Qc8 10. Be3 Nc7 11. a4 a6 12. Nd2 Rb8 13. f4 Re8 14. f5 h6 15. g4 Nh7 16. Nf3 Qd8 17. Qd2 Ng5 18. Nxg5 Bxg5 19. Kg2 Bxe3 20. Qxe3 Qg5 21. Qxg5 hxg5 22. h4 gxh4 23. Rh1 b5 24. axb5 axb5 25. Ra7 Rec8 26. cxb5 Bxb5 27. Rxc7 Rxc7 28. Nxb5 Rd7 29. Rxh4 Ra8 30. b3 Ra2 31. Kf3 Rb2 32. Bc4 f6 33. Rh1 Kf7 34. Ra1 Re7 35. Ra6 Rb1 36. Na7 Rc7 37. Nb5 Rd7 38. Na7 Rc7 1/2-1/2